Normal view
MARC view
- Furry, W. H
Entry Personal Name
001 - CONTROL NUMBER
- control field: 39766
003 - CONTROL NUMBER IDENTIFIER
- control field: NUST
005 - DATE AND TIME OF LATEST TRANSACTION
- control field: 20210314131532.0
008 - FIXED-LENGTH DATA ELEMENTS
- fixed length control field: 210314|| aca||aabn | a|a d
040 ## - CATALOGING SOURCE
- Original cataloging agency: NUST
- Transcribing agency: NUST
100 ## - HEADING--PERSONAL NAME
- Personal name: Furry, W. H
670 ## - SOURCE DATA FOUND
- Source citation: Work cat.: (NUST): Furry, W. H., Physics for science and engineering students,, [1952]
